| 000 | 00825nam a22002177a 4500 | ||
|---|---|---|---|
| 003 | CO-ViMGA | ||
| 005 | 20230915233141.0 | ||
| 008 | 160901b xxu||||| |||| 00| 0 eng d | ||
| 020 | _a9789587752557 | ||
| 040 |
_aCO-ViMGA _bspa _cCO-ViMGA |
||
| 082 | 0 | 4 | _a634.8 M28p |
| 100 | 1 |
_aMesa C, Nora Cristina _94823 |
|
| 245 | 1 | 0 |
_aPrograma de manejo fitosanitario en vid en el Departamento del Valle del Cauca / _cNora Cristina, Mesa C |
| 260 |
_aCali : _bUniversidad Nacional de Colombia Sede Palmira Facultad de Ciencias Agropecuarias,Gobernación del Valle de Cauca : Minagricultura. _c2014 |
||
| 300 |
_a55 p.: _bil. ; 28 cm. |
||
| 500 | _aIncluye referencias bibliográficas | ||
| 650 | 1 | 4 |
_2Uvas _xCultivo _zValle del cauca _94832 |
| 650 | 1 | 4 |
_2Uvas _xEnfermedades _94833 |
| 650 | 1 | 4 |
_2Uvas _xPlagas _94834 |
| 942 |
_cBK _2ddc |
||
| 999 |
_c35844 _d35844 |
||